| 000 | 00496 a2200157 4500 | ||
|---|---|---|---|
| 005 | 20260427153130.0 | ||
| 008 | 260422b |||||||| |||| 00| 0 eng d | ||
| 020 | _a9789362544902 | ||
| 080 |
_a89M-94 _bJAI/T |
||
| 100 | _a Jaikiran,K.P | ||
| 245 | _aThonnoorukal athoru adipolikkalam(തോണ്ണൂറുകൾ അതൊരു അടിപൊളിക്കാലം) | ||
| 260 |
_bD C books _aKottayam _c2025 |
||
| 300 | _a192p. | ||
| 653 | _aMemories-Malayalam Literature | ||
| 942 | _cBK | ||
| 999 |
_c115306 _d115305 |
||